Women, gays, and the constitution : the grounds for feminism and gay rights in culture and law /

Bibliographic Details
Main Author: Richards, David A. J.
Format: Book
Language:English
Published: Chicago : University of Chicago Press, 1998.
Subjects:

MARC

Tag First Indicator Second Indicator Subfields
LEADER 00000cam a2200000 a 4500
001 in00001402468
005 20151020055403.0
008 971002s1998 ilu b 001 0 eng
010 |a  97035339  
020 |a 0226712060 (cloth : alk. paper) 
020 |a 0226712079 (pbk. : alk. paper) 
035 |a (OCoLC)37761845 
035 |9 AHN4341AM 
040 |a DLC  |c DLC  |d TXA  |d UtOrBLW 
043 |a n-us--- 
049 |a TXAM 
050 0 0 |a KF4754.5  |b .R53 1998 
082 0 0 |a 342.73/087  |2 21 
100 1 |a Richards, David A. J. 
245 1 0 |a Women, gays, and the constitution :  |b the grounds for feminism and gay rights in culture and law /  |c David A.J. Richards. 
264 1 |a Chicago :  |b University of Chicago Press,  |c 1998. 
300 |a xiv, 531 pages ;  |c 24 cm. 
336 |a text  |b txt  |2 rdacontent 
337 |a unmediated  |b n  |2 rdamedia 
338 |a volume  |b nc  |2 rdacarrier 
504 |a Includes bibliographical references (pages 469-504) and index. 
650 0 |a Gays  |x Legal status, laws, etc.  |z United States. 
650 0 |a Sex and law  |z United States. 
650 0 |a Feminism  |z United States. 
948 |a c:jal 
999 |a MARS 
999 f f |s 25ef0742-96b9-32b4-a4ae-a781354ef0d5  |i c46e26f5-09c6-3f24-a737-77553326f92a  |t 0 
952 f f |p ric  |a Texas A&M University  |b Rellis Campus  |c Joint Library Facility  |d Remote Storage  |t 0  |e KF4754.5 .R53 1998  |h Library of Congress classification  |i unmediated -- volume  |m A14823462553 
998 f f |a KF4754.5 .R53 1998  |t 0  |l Remote Storage